000 00669nam a2200241 i 4500
001 C2-0082006
003 PPAK
005 20180727084732.0
008 970429s1991 enka|||| ||||| | eng d
020 _a0670826618
040 _aPPAK
_beng
_cPPAK
_erda
082 0 4 _a398.8
_223
090 0 0 _a398.8
_bNOH
_dK
245 0 0 _aNo hickory no dickory no dock
264 1 _aLondon :
_bPenguin Group ,
_c1991
300 _a79 pages :
_billustrations ;
_c22 cm
336 _2rdacontent
_atext
337 _2rdamedia
_aunmediated
338 _2rdacarrier
_avolume
650 1 0 _aNursery rhymes, English
700 1 _aAgard, John ; Nichols, Grace,
_ecompile
942 _ddc
_cB
999 _c14978
_d14978